[Event "Kerkinitida Cup Blitz"]
[Site "Evpatoria"]
[Date "2023.09.03"]
[Round "6"]
[White "Kislyi, Daniil N"]
[Black "Muhtarov, Leonid"]
[Result "0-1"]
[WhiteElo "1121"]
[BlackElo "1990"]
[PlyCount "82"]
[EventDate "2023.09.03"]
[EventType "swiss (blitz)"]
[EventRounds "13"]
[EventCountry "UKR"]
[SourceTitle "CBM 216 Extra"]
[Source "ChessBase"]
[SourceDate "2023.11.30"]
[SourceVersion "1"]
[SourceVersionDate "2023.11.30"]
[SourceQuality "1"]

1. e4 c5 2. Nf3 Nc6 3. Nc3 e6 4. Bc4 Nf6 5. d4 cxd4 6. Nxd4 d6 7. 0-0 Be7 8. Be3 0-0 9. Kh1 a6 10. Nxc6 bxc6 11. f4 d5 12. exd5 cxd5 13. Bd3 Rb8 14. Rb1 Bb7 15. Be2 Qc7 16. Bd4 Nd7 17. Bd3 Bf6 18. Bxf6 Nxf6 19. f5 e5 20. Be2 d4 21. Na4 Rbd8 22. b3 e4 23. Nb2 Nd5 24. Rc1 Ne3 25. Qd2 Nxf1 26. Rxf1 Qc3 27. Qg5 f6 28. Bc4+ Kh8 29. Qc1 Rc8 30. Na4 Qa5 31. Qa3 Rfd8 32. Qe7 Ba8 33. h3 d3 34. cxd3 exd3 35. Rd1 d2 36. Qe6 Re8 37. Qd7 Rcd8 38. Qf7 Re1+ 39. Kh2 Qe5+ 40. g3 Rxd1 41. h4 Rh1# 0-1

[Event "Kerkinitida Cup Blitz"]
[Site "Evpatoria"]
[Date "2023.09.03"]
[Round "3"]
[White "Kovalenko, Vasiliy"]
[Black "Muhtarov, Leonid"]
[Result "1/2-1/2"]
[WhiteElo "1302"]
[BlackElo "1990"]
[PlyCount "139"]
[EventDate "2023.09.03"]
[EventType "swiss (blitz)"]
[EventRounds "13"]
[EventCountry "UKR"]
[SourceTitle "CBM 216 Extra"]
[Source "ChessBase"]
[SourceDate "2023.11.30"]
[SourceVersion "1"]
[SourceVersionDate "2023.11.30"]
[SourceQuality "1"]

1. e4 c5 2. Nf3 Nc6 3. Bc4 e6 4. d3 Nf6 5. Bg5 Be7 6. Nc3 a6 7. a3 h6 8. Bh4 0-0 9. 0-0 b5 10. Ba2 d6 11. Re1 Qc7 12. Bg3 Ne5 13. Nxe5 dxe5 14. Ne2 Bb7 15. h3 Rad8 16. f4 exf4 17. Bxf4 e5 18. Bg3 Nxe4 19. Qc1 Bg5 20. Qd1 Nxg3 21. Nxg3 c4 22. Qg4 Rd4 23. Qf5 Re8 24. dxc4 bxc4 25. Rad1 Qc6 26. Qf1 Rf4 27. Qe2 c3 28. Bd5 Qc5+ 29. Kh2 Bxd5 30. b4 Qc6 31. Rg1 e4 32. Nh5 Rf5 33. Qg4 Rf2 34. Rdf1 Rxc2 35. h4 Qd6+ 36. Kh1 Qg6 37. hxg5 Qxg5 38. Qxg5 hxg5 39. Ng3 e3 40. Re1 g4 41. Re2 Rxe2 42. Nxe2 c2 43. Rc1 Be4 44. Kg1 Rd8 45. Kh2 Rd1 46. Kg3 Rd2 47. Nc3 Rxg2+ 48. Kf4 Bc6 49. Kxe3 Rg3+ 50. Kd2 Rg2+ 51. Kd3 g3 52. Rxc2 Rxc2 53. Kxc2 g2 54. Ne2 g5 55. Kd2 f5 56. Ke3 f4+ 57. Kf2 Kf7 58. Nd4 Be4 59. a4 g4 60. b5 g3+ 61. Kg1 axb5 62. Nxb5 f3 63. Nd6+ Ke6 64. Nxe4 f2+ 65. Kxg2 Ke5 66. Nxg3 Kd4 67. a5 Kc5 68. Ne4+ Kb5 69. Nxf2 Kxa5 70. Kf3 1/2-1/2

[Event "Kerkinitida Cup Blitz"]
[Site "Evpatoria"]
[Date "2023.09.03"]
[Round "7"]
[White "Muhtarov, Leonid"]
[Black "Jary, Sergey"]
[Result "0-1"]
[WhiteElo "1990"]
[BlackElo "2233"]
[PlyCount "94"]
[EventDate "2023.09.03"]
[EventType "swiss (blitz)"]
[EventRounds "13"]
[EventCountry "UKR"]
[SourceTitle "CBM 216 Extra"]
[Source "ChessBase"]
[SourceDate "2023.11.30"]
[SourceVersion "1"]
[SourceVersionDate "2023.11.30"]
[SourceQuality "1"]

1. Nf3 g6 2. g3 Bg7 3. d4 Nf6 4. Bg2 0-0 5. 0-0 d5 6. c4 c6 7. cxd5 Nxd5 8. e4 Nb6 9. Nc3 Bg4 10. Be3 Nc4 11. Qb3 Nxe3 12. fxe3 Qb6 13. Qc2 a5 14. h3 Be6 15. Na4 Qc7 16. Kh2 Bc8 17. e5 Na6 18. a3 h6 19. Rad1 Be6 20. e4 b5 21. Nc5 Nxc5 22. Qxc5 Bc4 23. Rfe1 Rfd8 24. Bf1 Bxf1 25. Rxf1 e6 26. Kg2 Bf8 27. Qc1 b4 28. a4 Qb7 29. h4 c5 30. dxc5 Qxe4 31. Rfe1 Qc6 32. Rd6 Qc7 33. Red1 Rdc8 34. c6 Bxd6 35. exd6 Qxc6 36. Qxh6 Rd8 37. Qf4 Ra6 38. Kh2 Qc2+ 39. Rd2 Qf5 40. Qxf5 gxf5 41. d7 Ra7 42. Ne5 f6 43. Nc6 Raxd7 44. Rxd7 Rxd7 45. Nxa5 Rd2+ 46. Kh3 Rxb2 47. Nc6 b3 0-1

[Event "Kerkinitida Cup Blitz"]
[Site "Evpatoria"]
[Date "2023.09.03"]
[Round "2"]
[White "Muhtarov, Leonid"]
[Black "Khripachenko, Alexander"]
[Result "0-1"]
[WhiteElo "1990"]
[BlackElo "2259"]
[PlyCount "85"]
[EventDate "2023.09.03"]
[EventType "swiss (blitz)"]
[EventRounds "13"]
[EventCountry "UKR"]
[SourceTitle "CBM 216 Extra"]
[Source "ChessBase"]
[SourceDate "2023.11.30"]
[SourceVersion "1"]
[SourceVersionDate "2023.11.30"]
[SourceQuality "1"]

1. Nf3 d5 2. g3 Nf6 3. Bg2 g6 4. 0-0 Bg7 5. d3 0-0 6. Nbd2 c5 7. e4 Nc6 8. c3 e5 9. Re1 Re8 10. Qb3 Na5 11. Qa4 Bd7 12. Qc2 d4 13. c4 a6 14. Rf1 Rc8 15. Ne1 b5 16. b3 Nc6 17. h3 Qc7 18. Kh2 h5 19. Ndf3 a5 20. Bd2 Nb4 21. Qc1 bxc4 22. bxc4 Rb8 23. Bh6 a4 24. Nh4 Nh7 25. Bxg7 Kxg7 26. Kh1 Rb6 27. f4 exf4 28. gxf4 Qd8 29. Nhf3 Bc6 30. a3 Na6 31. Ne5 Ba8 32. N1f3 Rbe6 33. Qe1 Nb8 34. Qg3 Qd6 35. Rab1 Nc6 36. Rb6 Qc7 37. Ra6 Nxe5 38. Rxe6 Rxe6 39. Nxe5 Qb8 40. Rg1 Nf8 41. h4 Qb2 42. f5 Rf6 43. Rf1 0-1

[Event "Kerkinitida Cup Rapid"]
[Site "Evpatoria"]
[Date "2023.09.02"]
[Round "10"]
[White "Muhtarov, Leonid"]
[Black "Schupak, Viktor"]
[Result "1-0"]
[WhiteElo "1990"]
[BlackElo "1866"]
[PlyCount "61"]
[EventDate "2023.08.31"]
[EventType "swiss (rapid)"]
[EventRounds "11"]
[EventCountry "UKR"]
[SourceTitle "CBM 216 Extra"]
[Source "ChessBase"]
[SourceDate "2023.11.30"]
[SourceVersion "1"]
[SourceVersionDate "2023.11.30"]
[SourceQuality "1"]

1. Nf3 c5 2. g3 Nf6 3. Bg2 g6 4. 0-0 Bg7 5. c4 Nc6 6. Nc3 0-0 7. d4 cxd4 8. Nxd4 a6 9. c5 Ne8 10. Nxc6 bxc6 11. Bxc6 Ra7 12. Bg2 Bb7 13. c6 Bc8 14. Be3 Bxc3 15. bxc3 Qc7 16. Qd4 dxc6 17. Qxa7 Qa5 18. Qxe7 Ng7 19. Bh6 Re8 20. Qb4 Qc7 21. Bxg7 Kxg7 22. Qc4 c5 23. Rad1 Re5 24. e4 Qa5 25. f4 Re7 26. Rd5 Rc7 27. f5 f6 28. Rd8 Bb7 29. Qg8+ Kh6 30. fxg6 Rg7 31. gxh7 1-0

[Event "Kerkinitida Cup Rapid"]
[Site "Evpatoria"]
[Date "2023.08.31"]
[Round "4"]
[White "Yandarbiev, Ruslan"]
[Black "Muhtarov, Leonid"]
[Result "1-0"]
[WhiteElo "2191"]
[BlackElo "1990"]
[PlyCount "88"]
[EventDate "2023.08.31"]
[EventType "swiss (rapid)"]
[EventRounds "11"]
[EventCountry "UKR"]
[SourceTitle "CBM 216 Extra"]
[Source "ChessBase"]
[SourceDate "2023.11.30"]
[SourceVersion "1"]
[SourceVersionDate "2023.11.30"]
[SourceQuality "1"]

1. e4 c5 2. Nf3 Nc6 3. d4 cxd4 4. Nxd4 Nf6 5. Nc3 d6 6. Bg5 e6 7. Qd2 Be7 8. 0-0-0 0-0 9. f3 a6 10. h4 Qc7 11. Kb1 Rd8 12. g4 b5 13. Nxc6 Qxc6 14. Bd3 Bb7 15. a3 Rac8 16. h5 Qc5 17. Be3 Qc7 18. g5 Nd7 19. g6 Ne5 20. gxf7+ Kxf7 21. Bg5 Rf8 22. Bxe7 Qxe7 23. f4 Nxd3 24. Qxd3 Kg8 25. h6 g6 26. Qxd6 Qxd6 27. Rxd6 Rxf4 28. Rxe6 Rcf8 29. Kc1 a5 30. Rd1 b4 31. axb4 axb4 32. Nd5 b3 33. Nxf4 Rxf4 34. Rd8+ Kf7 35. Rb6 Bxe4 36. cxb3 Rf1+ 37. Kd2 Bf5 38. Rdd6 Rf2+ 39. Ke3 Rxb2 40. Rb7+ Ke8 41. Ra6 Bc8 42. Ra8 Kd8 43. Rxh7 Rxb3+ 44. Kd4 Rb4+ 1-0

[Event "Yalta Yialos blitz op"]
[Site "Yalta"]
[Date "2023.08.28"]
[Round "7"]
[White "Mukhtarova, Viktoriya"]
[Black "Muhtarov, Leonid"]
[Result "0-1"]
[WhiteElo "1978"]
[BlackElo "1990"]
[PlyCount "57"]
[EventDate "2023.08.28"]
[EventType "swiss (blitz)"]
[EventRounds "13"]
[EventCountry "UKR"]
[SourceTitle "CBM 216 Extra"]
[Source "ChessBase"]
[SourceDate "2023.11.30"]
[SourceVersion "1"]
[SourceVersionDate "2023.11.30"]
[SourceQuality "1"]

1. Nf3 Nf6 2. g3 g6 3. Bg2 Bg7 4. 0-0 0-0 5. d3 d5 6. Nbd2 c5 7. e4 Nc6 8. a4 e5 9. exd5 Nxd5 10. Re1 h6 11. Nc4 Re8 12. Bd2 Bf5 13. Ne3 Be6 14. Nxd5 Bxd5 15. Bc3 Qd7 16. Qd2 Rad8 17. Qe3 Nd4 18. Rec1 Qc6 19. Ne1 Bxg2 20. Nxg2 e4 21. Bxd4 Bxd4 22. Qxh6 Bxb2 23. Rab1 Bxc1 24. Rxc1 exd3 25. cxd3 Rxd3 26. Qg5 b6 27. h4 Red8 28. h5 R8d5 29. Qf4 0-1

[Event "Yalta Yialos blitz op"]
[Site "Yalta"]
[Date "2023.08.28"]
[Round "5"]
[White "Vastrukhin, Oleg"]
[Black "Muhtarov, Leonid"]
[Result "1-0"]
[WhiteElo "2343"]
[BlackElo "1990"]
[PlyCount "51"]
[EventDate "2023.08.28"]
[EventType "swiss (blitz)"]
[EventRounds "13"]
[EventCountry "UKR"]
[SourceTitle "CBM 216 Extra"]
[Source "ChessBase"]
[SourceDate "2023.11.30"]
[SourceVersion "1"]
[SourceVersionDate "2023.11.30"]
[SourceQuality "1"]

1. Nf3 Nf6 2. g3 g6 3. Bg2 Bg7 4. 0-0 0-0 5. c4 c5 6. Nc3 Nc6 7. d3 d5 8. cxd5 Nxd5 9. Nxd5 Qxd5 10. Be3 Qd6 11. Rc1 Nd4 12. Bxd4 cxd4 13. Nd2 Be6 14. Qa4 Bd5 15. Bxd5 Qxd5 16. Qc4 Qh5 17. Nf3 e5 18. Kg2 Bh6 19. Rc2 Qf5 20. Qd5 Rac8 21. Rxc8 Rxc8 22. Qxb7 Rc2 23. Re1 Qe6 24. a4 f5 25. b4 Bg7 26. Kf1 1-0

[Event "Yalta Yialos Blitz"]
[Site "Yalta"]
[Date "2022.08.31"]
[Round "2"]
[White "Muhtarov, Leonid"]
[Black "Smirnov, Pavel"]
[Result "0-1"]
[WhiteElo "1990"]
[BlackElo "2544"]
[PlyCount "106"]
[EventDate "2022.08.31"]
[EventType "swiss (blitz)"]
[EventRounds "13"]
[EventCountry "UKR"]
[SourceTitle "CBM 210 Extra"]
[Source "ChessBase"]
[SourceDate "2022.11.30"]
[SourceVersion "1"]
[SourceVersionDate "2022.11.30"]
[SourceQuality "1"]

1. Nf3 Nf6 2. g3 d5 3. Bg2 e6 4. 0-0 Be7 5. d3 0-0 6. Nbd2 c5 7. e4 Nc6 8. Re1 dxe4 9. dxe4 e5 10. c3 Qc7 11. Qe2 h6 12. a4 Be6 13. Nc4 Rfd8 14. Nh4 a6 15. Nf5 Bf8 16. Nce3 g6 17. Nd5 Nxd5 18. exd5 Bxf5 19. dxc6 bxc6 20. Be4 Bxe4 21. Qxe4 f5 22. Qh4 g5 23. Qh5 Qf7 24. Qxf7+ Kxf7 25. Rxe5 Rd1+ 26. Kg2 Rad8 27. Rxf5+ Kg6 28. Rf3 Re8 29. Re3 Rxe3 30. fxe3 Bg7 31. e4 g4 32. h3 h5 33. hxg4 hxg4 34. Kf2 Bh6 35. Bxh6 Rxa1 36. Be3 Rxa4 37. Bxc5 Rxe4 38. b4 Re8 39. Be3 Kf5 40. Ke2 Ke4 41. Kd2 Rd8+ 42. Ke2 Rd3 43. Bf4 Rxc3 44. Bd6 Ra3 45. Bc7 Ra2+ 46. Kd1 Kf3 47. Kc1 Rg2 48. Kd1 Rxg3 49. Kc2 Rh3 50. Kc3 g3 51. Kc4 g2 52. Bb6 Rh1 53. Bd4 Rh4 0-1

[Event "Yalta Yialos Rapid"]
[Site "Yalta"]
[Date "2022.08.01"]
[Round "3"]
[White "Muhtarov, Leonid"]
[Black "Vastrukhin, Oleg"]
[Result "0-1"]
[WhiteElo "1990"]
[BlackElo "2343"]
[PlyCount "96"]
[EventDate "2022.08.01"]
[EventType "swiss (rapid)"]
[EventRounds "11"]
[EventCountry "UKR"]
[SourceTitle "EXT 2023"]
[Source "ChessBase"]
[SourceDate "2022.10.05"]
[SourceVersion "1"]
[SourceVersionDate "2022.10.05"]
[SourceQuality "1"]

1. Nf3 d5 2. g3 c5 3. Bg2 Nc6 4. 0-0 Nf6 5. d3 e6 6. Nbd2 Be7 7. e4 b6 8. Re1 Bb7 9. e5 Nd7 10. c3 Qc7 11. Qe2 g5 12. h3 h5 13. g4 0-0-0 14. Nf1 Rdg8 15. Ng3 hxg4 16. hxg4 Rh4 17. Nxh4 gxh4 18. Nh5 Ncxe5 19. Bf4 Bd6 20. f3 h3 21. Bh1 f5 22. g5 Ba6 23. Rad1 Qd8 24. Qe3 Bc7 25. Bxe5 Rxg5+ 26. Kf1 Nxe5 27. f4 Rxh5 28. fxe5 Qh4 29. Qf2 Qg5 30. Qg1 Qf4+ 31. Qf2 Qh6 32. Re3 f4 33. Rf3 Bxe5 34. Ke1 Bf6 35. Kd2 e5 36. Kc2 Bb7 37. Qd2 Rh4 38. Kb1 a5 39. Rff1 Rg4 40. c4 Qg6 41. cxd5 Rg2 42. Bxg2 hxg2 43. Rg1 Bxd5 44. Ka1 f3 45. Qf2 Qg4 46. Qe3 Qf4 47. Qxf4 exf4 48. Rd2 Bd4 0-1

[Event "Alushta op"]
[Site "Alushta"]
[Date "2022.07.10"]
[Round "5"]
[White "Baranov, Jury"]
[Black "Muhtarov, Leonid"]
[Result "1-0"]
[WhiteElo "2110"]
[BlackElo "1990"]
[PlyCount "101"]
[EventDate "2022.07.06"]
[EventType "swiss"]
[EventRounds "9"]
[EventCountry "UKR"]
[SourceTitle "EXT 2023"]
[Source "ChessBase"]
[SourceDate "2022.10.05"]
[SourceVersion "1"]
[SourceVersionDate "2022.10.05"]
[SourceQuality "1"]

1. d4 Nf6 2. c4 e6 3. Nc3 Bb4 4. Qc2 c5 5. dxc5 Nc6 6. Nf3 Bxc5 7. Bg5 h6 8. Bh4 g5 9. Bg3 d5 10. e3 Qa5 11. Nd2 d4 12. Nb3 Qb6 13. exd4 Nxd4 14. Nxd4 Bxd4 15. 0-0-0 Bd7 16. Be2 Bxf2 17. Bd6 Bc6 18. c5 Bxc5 19. Na4 Be3+ 20. Kb1 Qa5 21. Nc3 Nd5 22. Nxd5 Bxd5 23. a4 Kd7 24. b4 Rac8 25. Bc5 Rxc5 26. Qb2 Qxa4 27. bxc5 Kc6 28. Rxd5 exd5 29. Qf6+ Kxc5 30. Qe7+ Kc6 31. Qxe3 Qe4+ 32. Qxe4 dxe4 33. Rf1 Rd8 34. Kc2 Rd6 35. Rxf7 a5 36. Re7 b5 37. Rxe4 b4 38. Re5 Kb6 39. Rb5+ Kc7 40. Rxa5 Re6 41. Bf3 Kb6 42. Rd5 Re3 43. Rd6+ Kb5 44. Rxh6 Re5 45. Rh8 Rc5+ 46. Kb2 Re5 47. Rh5 Ka4 48. h4 b3 49. Rxg5 Rc5 50. Rxc5 Kb4 51. Rc3 1-0

[Event "Alushta Blitz op"]
[Site "Alushta"]
[Date "2022.07.02"]
[Round "2"]
[White "Vastrukhin, Oleg"]
[Black "Muhtarov, Leonid"]
[Result "1-0"]
[WhiteElo "2367"]
[BlackElo "1990"]
[PlyCount "137"]
[EventDate "2022.07.02"]
[EventType "swiss (blitz)"]
[EventRounds "13"]
[EventCountry "UKR"]
[SourceTitle "CBM 209 Extra"]
[Source "ChessBase"]
[SourceDate "2022.09.30"]
[SourceVersion "1"]
[SourceVersionDate "2022.09.30"]
[SourceQuality "1"]

1. Nf3 c5 2. g3 Nf6 3. Bg2 e6 4. 0-0 Be7 5. d3 Nc6 6. e4 d6 7. Nbd2 0-0 8. Re1 Qc7 9. a4 a6 10. h3 b6 11. Nc4 Bb7 12. Bf4 b5 13. Ne3 Ne5 14. g4 Bc6 15. g5 Nfd7 16. a5 Nxf3+ 17. Qxf3 Ne5 18. Qg3 Ng6 19. Ng4 Nxf4 20. Qxf4 Rfe8 21. h4 Rad8 22. Qg3 Bf8 23. f4 d5 24. e5 d4 25. h5 Bxg2 26. Qxg2 c4 27. h6 Kh8 28. hxg7+ Bxg7 29. Re2 b4 30. Qh3 b3 31. Rh2 Kg8 32. dxc4 bxc2 33. Qxh7+ Kf8 34. Qxc2 d3 35. Qc3 Qc5+ 36. Rf2 Ke7 37. b4 Qd4 38. Qxd4 Rxd4 39. Ne3 Rh8 40. b5 Kd7 41. bxa6 Ra8 42. Rb1 Bf8 43. Rb7+ Kc8 44. Rxf7 Bc5 45. Kg2 Rxa6 46. g6 Rxa5 47. g7 Rd8 48. Ng4 Bxf2 49. Rf8 Ra2 50. Rxd8+ Kxd8 51. g8Q+ Kd7 52. Nxf2 d2 53. Qh7+ Kc6 54. Qb1 Ra3 55. Ne4 Re3 56. Nxd2 Re2+ 57. Kf3 Rxd2 58. Qb5+ Kc7 59. Qa5+ Kc6 60. Qxd2 Kc5 61. Qd6+ Kxc4 62. Qxe6+ Kd4 63. Qd6+ Kc4 64. Ke3 Kc3 65. Qc5+ Kb3 66. Kd3 Ka4 67. Qb6 Ka3 68. Kc3 Ka4 69. Qb4# 1-0

[Event "Chigorin Memorial 24th"]
[Site "St Petersburg"]
[Date "2016.10.22"]
[Round "8"]
[White "Sokolov, Ilia"]
[Black "Muhtarov, Leonid"]
[Result "1-0"]
[WhiteElo "1762"]
[BlackElo "2044"]
[PlyCount "120"]
[EventDate "2016.10.15"]
[EventType "swiss"]
[EventRounds "9"]
[EventCountry "RUS"]
[SourceTitle "CBM 175 Extra"]
[Source "ChessBase"]
[SourceDate "2016.12.12"]
[SourceVersion "1"]
[SourceVersionDate "2016.12.12"]
[SourceQuality "1"]

1. Nf3 Nf6 2. g3 c5 3. Bg2 g6 4. 0-0 Bg7 5. c4 Nc6 6. Nc3 d5 7. cxd5 Nxd5 8. Nxd5 Qxd5 9. d3 0-0 10. Be3 Qh5 11. Qc2 b6 12. a3 Bd7 13. Rab1 Rac8 14. Rfc1 e5 15. Qd2 a5 16. Rc4 Nd4 17. Bxd4 cxd4 18. Rxc8 Bxc8 19. b4 Bh6 20. Qe1 a4 21. b5 Be6 22. Qb4 Bb3 23. Qd6 Rc8 24. Qxb6 Bf8 25. Qb7 Rc2 26. Qb8 Qh6 27. b6 Rc1+ 28. Rxc1 Qxc1+ 29. Bf1 Qxa3 30. b7 Bd5 31. Qc8 Bxb7 32. Qxb7 Qb4 33. Qd5 Bd6 34. Qa2 Qa3 35. Qxa3 Bxa3 36. Nxe5 Bb2 37. Bg2 Kf8 38. Bd5 f6 39. Nc6 Ke8 40. Be6 f5 41. Kf1 Bc3 42. e3 dxe3 43. fxe3 Kf8 44. Ke2 Kg7 45. Kd1 Kf6 46. Bc4 g5 47. Ke2 Bb2 48. e4 h5 49. e5+ Bxe5 50. Nxe5 Kxe5 51. Ke3 f4+ 52. gxf4+ gxf4+ 53. Kf3 a3 54. h4 Kd4 55. Kxf4 a2 56. Bxa2 Kxd3 57. Kg5 Ke4 58. Kxh5 Kf5 59. Kh6 Kf6 60. h5 Ke7 1-0

[Event "Chigorin Memorial 24th"]
[Site "St Petersburg"]
[Date "2016.10.21"]
[Round "7"]
[White "Muhtarov, Leonid"]
[Black "Vorobyova, Valeriya"]
[Result "0-1"]
[WhiteElo "2044"]
[BlackElo "1830"]
[PlyCount "76"]
[EventDate "2016.10.15"]
[EventType "swiss"]
[EventRounds "9"]
[EventCountry "RUS"]
[SourceTitle "CBM 175 Extra"]
[Source "ChessBase"]
[SourceDate "2016.12.12"]
[SourceVersion "1"]
[SourceVersionDate "2016.12.12"]
[SourceQuality "1"]

1. Nf3 Nf6 2. g3 d5 3. Bg2 g6 4. 0-0 Bg7 5. d3 0-0 6. Nbd2 c5 7. e4 Nc6 8. c3 Bg4 9. Qb3 dxe4 10. dxe4 Qb6 11. Qc2 Rad8 12. Re1 Bxf3 13. Nxf3 Ng4 14. Nd2 Nce5 15. Bf1 Bh6 16. Kg2 Qf6 17. Nc4 Qf3+ 18. Kg1 Rd2 19. Qxd2 Bxd2 20. Re2 Nxc4 21. Bxd2 Rd8 22. Be1 Nce5 23. h3 Nf6 24. Re3 Rd1 25. Rxd1 Qxd1 26. f4 Nf3+ 27. Kf2 Nxe1 28. Rxe1 Qc2+ 29. Re2 Nxe4+ 30. Kg1 Qd3 31. Rg2 Qe3+ 32. Kh2 Qe1 33. Bc4 Nf2 34. Rg1 Qe4 35. Bf1 Qe3 36. Bg2 Qe2 37. b4 cxb4 38. cxb4 Qxa2 0-1

[Event "RUS-ch rapid"]
[Site "Sochi"]
[Date "2016.10.02"]
[Round "1"]
[White "Romanov, Evgeny"]
[Black "Muhtarov, Leonid"]
[Result "1-0"]
[WhiteElo "2619"]
[BlackElo "2044"]
[PlyCount "76"]
[EventDate "2016.10.02"]
[EventType "swiss (rapid)"]
[EventRounds "10"]
[EventCountry "RUS"]
[SourceTitle "CBM 174 Extra"]
[Source "ChessBase"]
[SourceDate "2016.10.10"]
[SourceVersion "1"]
[SourceVersionDate "2016.10.10"]
[SourceQuality "1"]

1. d4 Nf6 2. Nf3 e6 3. c4 Bb4+ 4. Bd2 c5 5. Bxb4 cxb4 6. e3 d6 7. Bd3 Nc6 8. 0-0 0-0 9. Nbd2 b6 10. Qc2 Bb7 11. Ne4 Nxe4 12. Bxe4 f5 13. Bxc6 Bxc6 14. d5 exd5 15. Nd4 Qd7 16. Qb3 f4 17. cxd5 Bb7 18. e4 Rac8 19. f3 a5 20. Ne6 Rfe8 21. Nxf4 Ba6 22. Rfc1 Qf7 23. Ne6 Qf6 24. Nc7 Qd4+ 25. Kh1 Be2 26. Nxe8 Rxe8 27. Qc2 Ba6 28. Rd1 Qe5 29. Rac1 g5 30. Qd2 Rf8 31. Qd4 Qf4 32. Rc7 Rf7 33. Rxf7 Kxf7 34. Qxb6 Be2 35. Re1 Bxf3 36. Rf1 g4 37. gxf3 g3 38. Qg1 gxh2 1-0

[Event "Voronezh op-B 20th"]
[Site "Voronezh"]
[Date "2016.06.19"]
[Round "7"]
[White "Peschansky, Mikhail"]
[Black "Muhtarov, Leonid"]
[Result "1-0"]
[WhiteElo "2196"]
[BlackElo "2013"]
[PlyCount "109"]
[EventDate "2016.06.12"]
[EventType "swiss"]
[EventRounds "9"]
[EventCountry "RUS"]
[SourceTitle "EXT 2017"]
[Source "ChessBase"]
[SourceDate "2016.10.25"]
[SourceVersion "1"]
[SourceVersionDate "2016.10.25"]
[SourceQuality "1"]

1. d4 Nf6 2. Nf3 e6 3. c4 b6 4. a3 c5 5. d5 exd5 6. cxd5 d6 7. e4 g6 8. Nc3 Bg7 9. Bb5+ Bd7 10. a4 0-0 11. Qc2 Bc8 12. 0-0 Na6 13. Qb3 Nb4 14. h3 a6 15. Bc4 Qe7 16. Re1 Nd7 17. Bg5 f6 18. Bh4 g5 19. Bg3 Ne5 20. Nd2 Bd7 21. Bf1 Rab8 22. Na2 Nxa2 23. Qxa2 b5 24. axb5 axb5 25. Qa7 h5 26. Ra6 Rfc8 27. Rea1 h4 28. Bh2 Kf8 29. Rb6 Rxb6 30. Qxb6 c4 31. Ra7 Kf7 32. Qb7 Rd8 33. Be2 Bf8 34. Bh5+ Kg8 35. Bxe5 Qxe5 36. Bg4 f5 37. Bxf5 Bxf5 38. Qf7+ Kh8 39. Qh5+ Kg8 40. Qxg5+ Bg7 41. Qxd8+ Kh7 42. Qxh4+ Kg8 43. Qd8+ Kh7 44. exf5 Qxf5 45. Qxd6 Qg5 46. Qe7 Qxe7 47. Rxe7 Kg6 48. Rxg7+ Kxg7 49. Kf1 Kf6 50. f4 Ke7 51. Ne4 b4 52. Ke1 c3 53. bxc3 b3 54. Kd1 b2 55. Kc2 1-0

[Event "Krakow op-B 26th"]
[Site "Krakow"]
[Date "2015.12.28"]
[Round "2"]
[White "Pacan Milej, Kosma"]
[Black "Muhtarov, Leonid"]
[Result "1-0"]
[WhiteElo "1963"]
[BlackElo "2089"]
[PlyCount "99"]
[EventDate "2015.12.27"]
[EventType "swiss"]
[EventRounds "9"]
[EventCountry "POL"]
[SourceTitle "CBM 170 Extra"]
[Source "ChessBase"]
[SourceDate "2016.02.25"]
[SourceVersion "1"]
[SourceVersionDate "2016.02.25"]
[SourceQuality "1"]

1. d4 Nf6 2. c4 e6 3. Nf3 c5 4. d5 exd5 5. cxd5 d6 6. Nc3 g6 7. h3 Bg7 8. e4 0-0 9. Bd3 Na6 10. 0-0 Nc7 11. Re1 b6 12. a4 Bb7 13. Bf4 Na6 14. Nd2 Nb4 15. Bf1 Ne8 16. Bb5 a6 17. Bxe8 Rxe8 18. Nc4 Bf8 19. Qd2 f6 20. Bg3 Qc7 21. Rad1 Rad8 22. Re2 Bc8 23. f4 Bh6 24. Qe1 Bb7 25. e5 dxe5 26. d6 Qf7 27. Nxb6 Bxf4 28. Bxf4 exf4 29. d7 Rxe2 30. Qxe2 f3 31. gxf3 Nc6 32. Ne4 Nd4 33. Rxd4 cxd4 34. Nd6 d3 35. Qxd3 Rxd7 36. Nxd7 Qxd7 37. Qb3+ Kh8 38. Nxb7 Qxh3 39. Qd5 Qg3+ 40. Kf1 Qh3+ 41. Kf2 Qh2+ 42. Ke3 Qxb2 43. Nc5 Qc3+ 44. Kf2 Kg7 45. Ne6+ Kh6 46. Qe4 g5 47. Nd4 Qb2+ 48. Kg3 Qc1 49. Nf5+ Kg6 50. Nd4+ 1-0

[Event "Voronezh op-B 19th"]
[Site "Voronezh"]
[Date "2015.06.19"]
[Round "7"]
[White "Gunchenko, Vadim"]
[Black "Muhtarov, Leonid"]
[Result "1-0"]
[WhiteElo "2160"]
[BlackElo "2031"]
[PlyCount "125"]
[EventDate "2015.06.12"]
[EventType "swiss"]
[EventRounds "9"]
[EventCountry "RUS"]
[SourceTitle "CBM 167 Extra"]
[Source "ChessBase"]
[SourceDate "2015.09.14"]
[SourceVersion "1"]
[SourceVersionDate "2015.09.14"]
[SourceQuality "1"]

1. d4 Nf6 2. c4 e6 3. Nf3 c5 4. d5 exd5 5. cxd5 d6 6. Nc3 g6 7. Bf4 Bg7 8. Qa4+ Bd7 9. Qb3 Qc7 10. e4 0-0 11. Nd2 Nh5 12. Be3 f5 13. exf5 gxf5 14. Be2 f4 15. Bxh5 fxe3 16. fxe3 Na6 17. 0-0-0 b5 18. Nxb5 Qa5 19. a4 Rab8 20. Nc4 Qd8 21. Ncxd6 Nc7 22. Qd3 Qh4 23. g4 Nxb5 24. Nxb5 a6 25. Nc3 Rb3 26. Rhf1 Rfb8 27. Rd2 c4 28. Qxc4 Bxc3 29. d6+ Kh8 30. bxc3 Rb1+ 31. Kc2 R1b2+ 32. Kd3 Rxd2+ 33. Kxd2 Qxh2+ 34. Kd3 Qxd6+ 35. Qd4+ Qxd4+ 36. exd4 a5 37. Rf7 Rd8 38. Re7 Kg8 39. g5 Bxa4 40. Re5 Ra8 41. Bf3 Ra7 42. Bd5+ Kg7 43. c4 Bb3 44. c5 Bxd5 45. Rxd5 a4 46. c6 a3 47. Rd7+ Rxd7 48. cxd7 a2 49. d8Q a1Q 50. Qf6+ Kg8 51. Qe6+ Kg7 52. Qf6+ Kg8 53. Ke4 Qb1+ 54. Ke5 Qb5+ 55. d5 Qb2+ 56. Ke6 Qb6+ 57. d6 Qb3+ 58. Ke7 Qb7+ 59. d7 Qb4+ 60. Qd6 Qb7 61. Qe6+ Kg7 62. Qf6+ Kg8 63. Qf8# 1-0

[Event "Voronezh op-B 19th"]
[Site "Voronezh"]
[Date "2015.06.16"]
[Round "5"]
[White "Muhtarov, Leonid"]
[Black "Ibadov, Dashgyn"]
[Result "0-1"]
[WhiteElo "2031"]
[BlackElo "2173"]
[PlyCount "136"]
[EventDate "2015.06.12"]
[EventType "swiss"]
[EventRounds "9"]
[EventCountry "RUS"]
[SourceTitle "CBM 167 Extra"]
[Source "ChessBase"]
[SourceDate "2015.09.14"]
[SourceVersion "1"]
[SourceVersionDate "2015.09.14"]
[SourceQuality "1"]

1. Nf3 Nf6 2. g3 c5 3. Bg2 Nc6 4. 0-0 d5 5. d3 g6 6. Nbd2 Bg7 7. e4 e6 8. Re1 0-0 9. c3 a5 10. a4 b6 11. e5 Nd7 12. d4 cxd4 13. cxd4 Ba6 14. Nb3 Nb4 15. Bg5 Qe8 16. Qd2 Rc8 17. Rac1 Bc4 18. Rc3 Na2 19. Rce3 h6 20. Bf6 Nxf6 21. exf6 Bxf6 22. Nxa5 bxa5 23. b3 Nb4 24. bxc4 dxc4 25. Ne5 Bxe5 26. Rxe5 Nd3 27. Qxh6 Nxe5 28. Rxe5 Qe7 29. Be4 Qf6 30. h4 Qg7 31. Qe3 c3 32. Bc2 Rfd8 33. h5 Rd5 34. hxg6 Rxe5 35. gxf7+ Qxf7 36. dxe5 Qg7 37. Kg2 Qb7+ 38. Kg1 Qg7 39. Kg2 Qb7+ 40. Kg1 Qf7 41. Kg2 Rf8 42. Qg5+ Qg7 43. Qe3 Rc8 44. Qe4 Rb8 45. Qe3 Rc8 46. Kg1 Kf8 47. Qf4+ Ke7 48. Qe3 Rc7 49. Kg2 Kd8 50. Bb3 Qd7 51. Qh6 Qc6+ 52. Kh2 Rf7 53. Qh8+ Kc7 54. f4 c2 55. Qg8 c1Q 56. Qxf7+ Qd7 57. Bxe6 Qc2+ 58. Kg1 Qxf7 59. Bxf7 Qxa4 60. Bh5 Qd4+ 61. Kh2 a4 62. Bf7 a3 63. Kh3 Qd7+ 64. e6 Qe7 65. g4 a2 66. g5 a1Q 67. Kg4 Qd1+ 68. Kh4 Kd6 0-1